Sukshmamulakangal krishiyil (Trace elements in agriculture). (Record no. 22838)

MARC details
000 -LEADER
fixed length control field 00361nam a2200121Ia 4500
082 ## - DEWEY DECIMAL CLASSIFICATION NUMBER
Classification number 631.416.9
Item number YOG
100 ## - MAIN ENTRY--AUTHOR NAME
Personal name YOGESAN NAIR, J
245 #0 - TITLE STATEMENT
Title Sukshmamulakangal krishiyil (Trace elements in agriculture).
260 ## - PUBLICATION, DISTRIBUTION, ETC. (IMPRINT)
Place of publication Trivandrum
Name of publisher State Institute of Languages
Year of publication 1973
650 ## - SUBJECT ADDED ENTRY--TOPICAL TERM
Topical Term Trace elements
942 ## - ADDED ENTRY ELEMENTS (KOHA)
Koha item type Books
Holdings
Withdrawn status Lost status Damaged status Not for loan Home library Current library Date acquired Full call number Accession Number Koha item type
        RRII Library RRII Library 16/12/2021 631.416.9 YOG 03549 Books